Quizzes
Events
Quiz Creation
Community
Videos
Private Events
Remove Ads
Sign In
Join for FREE
Feedback
Dark Mode
Quiz Categories
Sports
Geography
Music
Movies
Television
Just For Fun
Miscellaneous
History
Literature
Language
Science
Gaming
Entertainment
Religion
Holiday
For Kids
Quiz Lab
Recent
Popular Today
Quiz Kudos Today
Editor Picks
Curator Picks
Quizzes by...
Day
Popularity
Type
Ratings
Length
Year
Community
Subscriptions
Recent Discussions
Orange Saloon
Badges
Playlists
Quests
Create
Leaderboards
Showdown
Live 5
Trivia Bingo
Activity
Puzzle Library
Sporcle Events
Private Events
Virtual Trivia
Globe League
Become a Host
Pub Owners
SporcleCon
Opinionation
Our Games
Videos
Blog
Mobile Apps
Partnerships
Remove Ads and Go Orange
Feedback
Television
TV Characters
TV Show
Sitcom
Network
Friends
Reality Shows
Cast
South Park
Star Trek
The Simpsons
Doctor Who
Television
TV Characters
TV Show
Sitcom
Network
Friends
Reality Shows
Cast
South Park
Star Trek
The Simpsons
Doctor Who
Random Quiz
Search Sporcle
×
Quiz Lab
Quiz Lab
Television
Friends
Select answers by clicking on text or image buttons
Select answers by clicking on text or image buttons
Clickable
Best Score? Go Orange.
FRIENDS (Tv show) Guess the Next Line Clickable Stats
Can you pick the next line from these Friends Quotes?
By
secollier2010
10m
20 Questions
5,164 Plays
5,164 Plays
5,164 Plays
Comments
Comments
Give Quiz Kudos
Give Quiz Kudos
-
- Ratings
hide this ad
Forced Order
Answers have to be entered in order
Answers have to be entered in order
Replay
Link that replays current quiz
Next Quiz
Link to next quiz in quiz playlist
You Got
0%
They Got
Avg Score
88%
Avg Friend Score
Upgrade to see
Score Distribution
Jump to the score distribution portion of the page
Score
0/20
Timer
10:00
0
Plays Today
% Correct
Yeah. It's like a cow's opinion. It just doesn't matter. It's moo.
94.9%
Oh, Pheebs is short for Phoebe I thought that's just what we called each other.
94.7%
I know. You got five more years.
94.3%
But you're not anymore. Because you were on a break.
94.1%
Why does anyone have to be naked?
92.7%
And yet, I never run into Beyonce
91.1%
Because, Phoebe, sometimes after you sleep with someone you have to kill a fish.
90.8%
Well I've had the same walk since high school and you know how when a guy walks into a room and everybody takes notice. I think I need a 'take notice' walk.
90.6%
Before or after you're executed by your own troops?
89.9%
I'd probably kill myself.
89.2%
% Correct
I wouldn't say no to that.
89.2%
No. Interestingly enough, her leaf blower picked up.
87.6%
Oh, I'm sorry, are we having an 89 year old woman?
87%
Ahhhhh, salmon skin roll.
86.1%
Chandler: You are not gonna believe what I did today.
85.3%
Sure, just lend me your breasts and we'll be on our way.
84.8%
No thanks. I'm 29.
84.8%
We don't know how long we're gonna be stuck in here. We might have to repopulate the world.
81.5%
Okay, well if I stop playing with Joey and Chandler, can I play with Mark?
81%
Whoa, whoa, whoa, Monica, what're you doin'? This is a poker game. You can't serve food with more than one syllable. It's gotta be like chips, or dip, or pretz..
75.4%
Quiz Playlist
Details
Report
Send in Message
Add To Playlist
Clickable:
Select answers by clicking on text or image buttons
Forced Order:
Answers have to be entered in order
Last Updated: Feb 16, 2017
Quiz Scoreboard
CHALLENGE
Sign Up to Join the Scoreboard
Show All
Scores
Hide
Comments
May contain spoilers
Recently Published
Movies - When Are They Set?
by FPL_Elf
Movies
5m
Popular People in 1961
by mucciniale
History
6m
1-10 Letter E Words III
by El_Dandy
Language
2m
More to Explore
Quiz From the Vault
Featured Blog Post
Where Did the Easter Bunny Come From?
hide this ad
You Might Also Like...
Tags
Friends Quiz
Quote Quiz
Friends Quotes
Memorable Quotes
TV Quotes
Today's Top Quizzes in Television
Browse Television
hide this ad
Today's Top Quizzes in Friends
Browse Friends
Top Contributed Quizzes in Television
1
One Piece Logic Puzzle
2
Survivor Logic Puzzle: Heroes vs. Villains
3
Survivor Seasons
4
Survivor Season by Logo
5
Survivor Trivia
6
Survivor Logic Puzzle: Winners at War
7
Ultimate Survivor Logic Puzzle
8
Phoebe Buffay Quotes
9
One Thing in Common: Television
10
Who Wants to Be a Millionaire?
Explore More
Trending Topics
Disney
Kpop
Harry Potter
Anime
Crossword
NBA
Marvel
Pokémon
Soccer
NFL
Country
The Office
Puzzle
WWE
Song
hide this ad
More By:
secollier2010
Quiz
Plays
Rating
Category
Featured
Created
FRIENDS (Tv show) Guess the Next Line Clickable
5,164
2.25
Television
Apr 2, 2015
The Office Quotes (Season 1)
311
Television
Apr 3, 2015
Go to Creator's Profile
Score Distribution
Quiz Creator Spotlight
secollier2010
Follow
Send a Message
Quizzes Created
-
Created Quiz Play Count
-
More By This Creator
Popular Quizzes Today
1
Find the US States - No Outlines Minefield
2
Find the Countries of Europe - No Outlines Minefield
3
The Countries of the World
4
Popular People in 1961
5
1-10 Letter E Words III
6
US States
7
Find the US States
8
One Thing in Common: World Cities II
More Television Quizzes
Three Dozen 2000s TV Actors
Published
Trending Quizzes
Risky Map Clicking: Least Populous States A-Z
1-10 Letter F Words
1-10 Letter G Words
One Thing in Common: United Kingdom
Risky Map Clicking: Next State Alphabetically
Recently Updated
Leaping Animals
pecheneg
Reality TV Shows (A-Z)
bhenderson79
Rickey Henderson's Hall of Fame Teammates
pecheneg
Champions League XIs: Arsenal
pecheneg
Quick Pick: Celebrities in WWE's Hall of Fame
aduchscher
A-Z Keypad Blitz II
pecheneg
Multiple Oscar Actors
pecheneg
Mystery Phrase Blitz: Oscar 'Best Actors'
pecheneg
F. Scott Fitzgerald Novels
LTH
Pick 3 Villains
ddd62291
Trending Topics
Harry Potter
NBA
Disney
Kpop
Marvel
Crossword
Anime
NFL
Country
Soccer
The Office
WWE
Puzzle
Pokémon
Song
Your Account Isn't Verified!
In order to create a playlist on Sporcle, you need to verify the email address you used during registration. Go to your
Sporcle Settings
to finish the process.
Report this User
Report this user for behavior that violates our
Community Guidelines
.
Details:
Send Report
Go to the Sporcle.com Mobile Site →
Comments